Practical experience in building expert systems
Αποθηκεύτηκε σε:
| Άλλοι συγγραφείς: | |
|---|---|
| Μορφή: | Βιβλίο |
| Γλώσσα: | English |
| Δημοσίευση: |
Chichester : New York :
Wiley,
1990
|
| Θέματα: | |
| Ετικέτες: |
Προσθήκη ετικέτας
Δεν υπάρχουν, Καταχωρήστε ετικέτα πρώτοι!
|
MARC
| LEADER | 00000nam a2200000 i 4500 | ||
|---|---|---|---|
| 001 | 1/35918 | ||
| 008 | 941103s1990 eng d | ||
| 020 | |a 0-471-92254-4 | ||
| 035 | |a 1991 |c ΔΑΡΖΕΝΤΑΣ |l 10040103 | ||
| 040 | |a GR-MY-UA |b gre |e aacr | ||
| 041 | 0 | |a eng | |
| 082 | 0 | |a 006.33 | |
| 245 | 1 | 0 | |a Practical experience in building expert systems / |c edited by Max Bramer |
| 260 | |a Chichester : |a New York : |b Wiley, |c 1990 | ||
| 300 | |a 230 p. | ||
| 504 | |a Includes bibliographical references and index | ||
| 650 | 0 | 0 | |a Expert systems (Computer science) |
| 700 | 1 | |a Bramer, M. A. |q (Max A.) |d 1948- |4 edt | |
| 852 | |a INST |b CHIOS |e 19950724 |h 006.33 PRA |p 005200002493 |q 005200002493 |t BK |y 0 | ||
| 852 | |a INST |b SAMOS |e 19941103 |h 006.33 PRA |p 005300003455 |q 005300003455 |t BK |y 0 | ||
| 909 | |a Σ |b 021767 | ||
| 909 | |a Χ |b 018352 | ||